书目信息 |
| 题名: |
文学研究的恒与变
|
|
| 作者: | 徐妍 著 | |
| 分册: | ||
| 出版信息: | 北京 中国社会科学出版社 2016 |
|
| 页数: | 263页 | |
| 开本: | 24cm | |
| 丛书名: | ||
| 单 册: | ||
| 中图分类: | I206.6 , I206.7 | |
| 科图分类: | ||
| 主题词: | 中国文学--zhong guo wen xue--现代文学--文学研究 , 中国文学--zhong guo wen xue--当代文学--文学研究 | |
| 电子资源: | ||
| ISBN: | 978-7-5161-9135-4 | |
| 000 | 01202nam0 22002771 450 | |
| 001 | 0124140225 | |
| 005 | 20170324140225.0 | |
| 010 | @a978-7-5161-9135-4@dCNY65.00 | |
| 100 | @a20161202d2016 em y0chiy50 ea | |
| 101 | 0 | @achi |
| 102 | @aCN@b110000 | |
| 105 | @ay z 000yy | |
| 106 | @ar | |
| 200 | 1 | @a文学研究的恒与变@9wen xue yan jiu de heng yu bian@e中国现当代文学采薇集@f徐妍著 |
| 210 | @a北京@c中国社会科学出版社@d2016 | |
| 215 | @a263页@d24cm | |
| 300 | @a中国海洋大学“985工程”海洋发展人文社会科学研究基地建设经费资助 | |
| 330 | @a本书以鲁迅、中国现当代作家作品、中国青春文学和中国儿童文学这四个研究方向为主要关注对象,以美感形态与历史演变的关系为核心问题,讨论的多是新世纪以来“去文学性”、“解构文学本质论”的“主流”学术问题之外的“非主流”的文学问题与思想文化问题,以期从文学本质论的立场重读中国现代文学史的文学意义。 | |
| 517 | 1 | @a中国现当代文学采薇集@9zhong guo xian dang dai wen xue cai wei ji |
| 606 | 0 | @a中国文学@9zhong guo wen xue@x现代文学@x文学研究 |
| 606 | 0 | @a中国文学@9zhong guo wen xue@x当代文学@x文学研究 |
| 690 | @aI206.6@v5 | |
| 690 | @aI206.7@v5 | |
| 701 | 0 | @a徐妍@9xu yan@4著 |
| 801 | 0 | @aCN@bTANGWEI@c20170308 |
| 905 | @b0962371-4@dI206.6@e212@f4 | |
| 文学研究的恒与变:中国现当代文学采薇集/徐妍著.-北京:中国社会科学出版社,2016 |
| 263页;24cm |
| 中国海洋大学“985工程”海洋发展人文社会科学研究基地建设经费资助 |
| ISBN 978-7-5161-9135-4:CNY65.00 |
| 本书以鲁迅、中国现当代作家作品、中国青春文学和中国儿童文学这四个研究方向为主要关注对象,以美感形态与历史演变的关系为核心问题,讨论的多是新世纪以来“去文学性”、“解构文学本质论”的“主流”学术问题之外的“非主流”的文学问题与思想文化问题,以期从文学本质论的立场重读中国现代文学史的文学意义。 |
| ● |
| 相关链接 |
|
|
|
|
正题名:文学研究的恒与变
索取号:I206.6/212
 
预约/预借
| 序号 | 登录号 | 条形码 | 馆藏地/架位号 | 状态 | 备注 |
| 1 | 0962371 | 209623718 | 第一样本阅览室/ [索取号:I206.6/212] | 在馆 | |
| 2 | 0962372 | 209623727 | 第二借阅区/ [索取号:I206.6/212] | 在馆 | |
| 3 | 0962373 | 209623736 | 第二借阅区/ [索取号:I206.6/212] | 在馆 | |
| 4 | 0962374 | 209623745 | 第二借阅区/ [索取号:I206.6/212] | 在馆 |